000 00912nam a2200241Ia 4500
003 OSt
005 20201005122921.0
008 191128s1993 ck a gr 000 0 spa d
020 _a9586332756
040 _aCO-JMCR
_cCO-JMCR
041 0 _aspa
082 0 4 _a972.018 /
_bL935a
_223
100 1 _aLucena, Manuel,
_eautor
_911191
245 1 0 _aAsí vivían los aztecas /
_cManuel Lucena
260 _aBogotá :
_bRei Andes,
_c1993
300 _a96 páginas :
_bilustraciones a blanco y negro ;
_c22 cm.
490 0 _aBiblioteca básica. Historia
504 _aBibliografía: página 96
505 0 _aEl pueblo del águila y la serpiente -- Las ciudades -- Casas, palacios y jardines -- La organización social -- La educación -- Higiene, vestido y adornos -- La alimentación -- Trabajo y ocio
650 1 4 _aAztecas
_xhistoria
_911192
650 1 4 _aAntigua cultura de los Aztecas
_911193
942 _2ddc
_cBK
999 _c4573
_d4573